000 00556nam a2200157Ia 4500
008 231221s9999 xx 000 0 und d
020 _a978-3-540-31845-3
041 _aEnglish
100 _aPeter Roy
245 0 _aMultiparadigm Programming in Mozart/Oz
260 _c2005
_bSpringer US
_aNew York
440 _aLecture Notes in Computer Science
650 _aComputer Science
650 _aProgramming Languages, Compilers, Interpreters; Logics and Meanings of Programs; Software Engineering; Programming Techniques; Operating Systems
942 _cEB
999 _c220994
_d220994